000 00269nam a22001217a 4500
008 170602b xxu||||| |||| 00| 0 eng d
041 _aeng
080 _a94
100 _a17
101 _aSHHH
245 _aTHE UNIFICATION OF ITALY
_cDELZELL.CH.F
942 _2udc
_cBK
999 _c15798
_d15798